Twenty years later; (Record no. 18071)

MARC details
000 -LEADER
fixed length control field 00687cam a22002291 4500
001 - CONTROL NUMBER
control field ca 36000364
003 - CONTROL NUMBER IDENTIFIER
control field DLC
005 - DATE AND TIME OF LATEST TRANSACTION
control field 20260227111141.0
008 - FIXED-LENGTH DATA ELEMENTS--GENERAL INFORMATION
fixed length control field 790327s1936 xx 000 0 eng
010 ## - LIBRARY OF CONGRESS CONTROL NUMBER
LC control number ca 36000364
035 ## - SYSTEM CONTROL NUMBER
System control number (OCoLC)4786012
040 ## - CATALOGING SOURCE
Original cataloging agency DLC
Transcribing agency OCl
Modifying agency DLC
050 00 - LIBRARY OF CONGRESS CALL NUMBER
Classification number PS3507.A57
Item number T85 1936
082 ## - DEWEY DECIMAL CLASSIFICATION NUMBER
Classification number 812.5
100 1# - MAIN ENTRY--PERSONAL NAME
Personal name Dane, Essex.
245 10 - TITLE STATEMENT
Title Twenty years later;
Remainder of title a play for ten women, in one act,
Statement of responsibility, etc. by Essex Dane.
260 ## - PUBLICATION, DISTRIBUTION, ETC.
Place of publication, distribution, etc. Boston, Mass.,
-- Los Angeles, Cal.
Name of publisher, distributor, etc. [Walter H. Baker company,
Date of publication, distribution, etc. c1936]
300 ## - PHYSICAL DESCRIPTION
Extent 2 p. l., [3]-59 p.
Other physical details diagr.
Dimensions 19 cm.
490 0# - SERIES STATEMENT
Series statement Baker's royalty plays
500 ## - GENERAL NOTE
General note Song with music: p. 59.
650 #0 - SUBJECT ADDED ENTRY--TOPICAL TERM
Topical term or geographic name entry element Women
Form subdivision Drama.

No items available.

Powered by Koha